| 000 | 00871cam a2200241 4500 | ||
|---|---|---|---|
| 001 | ABS64476 | ||
| 008 | 010921n2001 000 0 eng u | ||
| 035 | _a(Sirsi) u114763 | ||
| 100 | _aCave, A. | ||
| 245 | _aSteps and stairs | ||
| 260 | _c2001 | ||
| 490 |
_aAccess by Design _v(88) Autumn 2001, 10-14(5) |
||
| 520 | _aOffers advice to designers charged with addressing the access shortcomings of existing buildings, required by the Disability Discrimination Act 1995. This first in a series of articles focuses on steps and stairs. | ||
| 590 | _aABS | ||
| 650 | _aDISABILITY DISCRIMINATION ACT 1995 | ||
| 650 | _aSTEPS | ||
| 650 | _aBUILT ENVIRONMENT-BUILDING ELEMENTS-COMPLETE BUILDING ELEMENTS-STAIRS | ||
| 650 | _aGUIDANCE | ||
| 650 |
_aHEALTH AND SAFETY _96244 |
||
| 650 | _aACCESS | ||
| 690 | _aBUILT ENVIRONMENT-CONSTRUCTION DESIGN | ||
| 942 | _n0 | ||
| 999 |
_c68333 _d68333 |
||